00622 a2200193 4500020001500000040000800015082001200023100001900035245003900054250001200093260005200105300002000157650002900177650002900206650002200235942002500257999001500282952013100297 a0130883174 aDLC a621.3821 aVacca, John R.14aThe cabling handbook cJohn Vacca. a2nd ed. aUpper Saddle River, NJ :bPrentice Hall,c2000. a1310 p. :bill. 0aTelecommunication wiring 0aTelecommunication cables 0aComputer networks cBKk621.382 VAC2ddc c8243d8243 001040708NFICaCLbCLcGENd2002-04-04eAllied Book Companyg2907.41o621.382 VACpSEECS001995r2012-11-14w2017-01-05yREF